Moslimské finančníctvo a ekonomika teória a prax v obraze islamského "hospodárstva"

Bibliographic Details
Main Author: Pirický, Gabriel, 1965- (Author)
Format: Article
Language:Slovak
ISSN:1335-4701
Subjects:

MARC

LEADER 00000nab a2200000 a 4500
001 vtls000833959
003 SK-MaSNL
005 20260304032604.0
008 140301c2003 xo 0 slo
015 |a SNBRB2003/04-13357 
035 |a CLN000185614 
040 |a SNKBUCL  |b slo  |c SNKBUCL  |e AACR2 
041 0 |a slo 
044 |a xo  |c SK 
080 |a 330.1:297  |2 1997 
080 |a 297  |2 1997 
100 1 |a Pirický, Gabriel,  |d 1965-  |4 aut  |9 94272 
245 1 0 |a Moslimské finančníctvo a ekonomika  |b teória a prax v obraze islamského "hospodárstva"  |c Gabriel Pirický 
650 0 7 |a ekonomika  |x islam  |2 snkbucl  |9 1313492 
650 0 7 |a islam  |2 snkbucl  |9 1821 
655 7 |a články z novín a časopisov  |2 snkbucl  |9 267496 
773 0 |t Hospodárske noviny  |g Roč. 11, č. 31 (14.-16.2.2003)  |x 1335-4701 
773 0 |t [Príl.] Kompas investora  |g S. IV  |x 1335-4701 
850 |a Slovenská národná knižnica v Martine 
852 |a SNK  |b KIS3GCP 
992 |a RBX 
999 |c 2643911  |d 2645841